| 000 | 00407nam a22001577a 4500 | ||
|---|---|---|---|
| 020 | _a978-81-7381-858 | ||
| 082 |
_a823 _bPYL/K |
||
| 100 | _aPYLE, HOWARD | ||
| 245 |
_aKING ARTHUR AND HIS KNIGHTS _bSHORT STORY |
||
| 246 |
_aKING ARTHUR AND HIS KNIGHTS _bSHORT STORY |
||
| 260 |
_aNEW CENTRAL BOOK AGENCY (p) LTD _bKOLKATA |
||
| 300 | _a128 | ||
| 520 | _aSHORT STORY | ||
| 650 | _aSHORT STORY | ||
| 942 | _cBK | ||
| 999 |
_c2944 _d2944 |
||